000 01187nam a22003857a 4500
003 CHAP
005 20220817043950.0
008 040219d2003 it rn 00110 fre d
010 _a88962
011 _a89934
020 _a9253048476
035 _a100487
040 _cCHAP
082 0 4 _a333
_bF42y v.4
110 2 _aFAO
245 1 3 _aLas cuestiones de género y el acceso a la tierra
_c/por FAO
260 _aRome :
_bFAO,
_c2003.
300 _a48 p.
410 0 0 _aFAO
490 0 _aFAO. Estudios sobre tenencia de la tierra
_v; 4
590 _aBATCH-UPD
_b10
_c20130110
_lUCH01
_h0957
590 _aBATCH-UPD
_b10
_c20130410
_lUCH01
_h0609
590 _aBATCH-UPD
_b10
_c20130914
_lUCH01
_h1156
590 _aCONVERSION
_b10
_c20130109
_lUCH01
_h1349
650 1 4 _aDesarrollo rural.
_932067
650 1 4 _aEnfoque de género.
_936945
650 1 4 _aRecursos naturales
_xAdministración.
_995175
650 1 4 _aTierras
_xTenencia.
_9113130
810 0 _aFAO
830 0 0 _aFAO. Estudios sobre tenencia de la tierra
_v; 4
_939557
901 _aBK
905 _aMayto Villalobos Santana
942 _cLIBRO
949 _a333 F42y v.4
_bBC
_cFAO
_d33724000927794
_eFAO1
_h104247
_i100487
_sb
999 _c88962
_d88962